La Position du missionnaire roux

Guardado en:
Bibliografiske detaljer
Hovedforfatter: Berenboom, Alain
Format: Bog
Sprog:Undetermined
Udgivet: Bruxelles, Bélgica Ediciones Labor 1997
Fag:
Tags: Tilføj Tag
Ingen Tags, Vær først til at tagge denne postø!

MARC

LEADER 00000nam a2200000Ia 4500
008 170316s9999 xx 000 0 und d
040 |a cru BVZT 
090 |a 840 B-12.1p 
100 |a Berenboom, Alain 
245 |a La Position du missionnaire roux 
260 |a Bruxelles, Bélgica 
260 |b Ediciones Labor 
260 |c 1997 
300 |a 272 páginas 
650 |a LITERATURA FRANCESA 
650 |a EN IDIOMA FRANCÉS 
650 |a NOVELA 
999 |c 7488  |d 7488 
942 |c 15 D  |h 840 B-12.1p  |2 z